La Provincia
Descripción Física:
3 v. ; 27 cm
Colección:
Colección de ciencias sociales ; 1-3
Materias:
Administració local
MARC
| LEADER | 00000nam a2200000Ia 4500 | ||
|---|---|---|---|
| 001 | 2284, 2285, 2286 | ||
| 008 | 160829s1966 xx 000 0 cat d | ||
| 080 | |a M-1-196, M-1-197, M-1-198 | ||
| 245 | |a La Provincia | ||
| 260 | |a Barcelona : |b Instituto de Ciencias Sociales, Diputación Provincial de Barcelona, |c 1966 | ||
| 300 | |a 3 v. ; |c 27 cm | ||
| 490 | |a Colección de ciencias sociales ; 1-3 | ||
| 590 | |a 'Trabajos aportados al Congreso de Estudios sobre la Provincia celebrado en noviembre de 1965'. | ||
| 590 | |a Conté: v.1: Dimensiones histórica y política; v.2: Dimensión administrativa; v.3: Dimensiones económica, informativa y sociológica. | ||
| 590 | |a L'article 'Dimensión política de la provincia' (v. 1) es troba també per separat amb R. 7967 | ||
| 650 | 0 | |a Administració local |9 34286 | |
| 710 | 2 | |a Instituto de Ciencias Sociales (Barcelona, Catalunya) |9 54508 | |
| 901 | |a Arxiu | ||
| 942 | |n 1 | ||
| 952 | |0 0 |1 0 |4 0 |6 M1196_M1197_M1198 |7 1 |9 49054 |a Arxiu |b Arxiu |d 2016-12-01 |l 0 |o M-1-196, M-1-197, M-1-198 |p 2284, 2285, 2286 |r 2016-12-01 00:00:00 |w 2016-12-01 |y ARXIU | ||
| 999 | |c 52891 |d 52891 | ||